000 00630nam a2200217Ii 4500
001 11662
003 CO-ViMGA
008 241108s9999||||xx |||||||||||||| ||und||
020 _a8428324433
040 _aCO-ViMGA
_bspa
_erda
_cCO-ViMGA
041 0 _aunk
082 0 4 _a384 H874
100 1 _aJosé Manuel Huidobro
_955558
245 1 0 _aTodo sobre comunicaciones
264 1 _a[Lugar de publicación no identificado] : Paraninfo, 2000
300 _avolumen
336 _atext
_btxt
_2rdacontent
337 _aunmediated
_bn
_2rdamedia
338 _avolume
_bnc
_2rdacarrier
940 _aidficha_siabuc: 11386. -- ficha_no_siabuc:11662
999 _c53151
_d53151